| 000 | 00733nam a22001937a 4500 | ||
|---|---|---|---|
| 999 |
_c370732 _d370732 |
||
| 008 | 201130b ||||| |||| 00| 0 eng d | ||
| 040 |
_bger _cDE-2950 _erda _aDE-2950 |
||
| 041 | _ager | ||
| 245 |
_aFrankfurt macht Realitäts-Check. _bAusstellung: Ab Sonntag ist in der Marienkirche eine Ausstellung zu spezifisch ostdeutscher Sprachlosigkeit zu sehen. |
||
| 264 | _c2021 | ||
| 653 | _aFrankfurt (Oder) | ||
| 653 | _aAusstellung | ||
| 653 | _aFotografie / Stadtansichten | ||
| 773 |
_dFrankfurt (Oder): Märkisches Verlags- und Druckhaus GmbH & Co KG _g32. Jahrgang (2021) Nr. 188 vom 14./15.08.2021, S. 21: Foto _tMärkische Oderzeitung |
||
| 942 | _cA | ||